Deberes y responsabilidades de los padres en cuanto a contribuir desde el hogar y sus relaciones con la Escuela al manejo de la disciplina de sus hijos

Saved in:
Bibliografiske detaljer
Hovedforfatter: Fuenzalida Poblete, Jacqueline Lorena
Andre forfattere: Madero Martínez, Jorge Washington
Format: Electronisk
Sprog:spansk
Udgivet: Chillán. UNACH, Facultad de Educación y Ciencias Sociales. 2007.
Fag:
Online adgang:Visualizar y Descargar desde Repositorio Biblioteca UnACh.
Tags: Tilføj Tag
Ingen Tags, Vær først til at tagge denne postø!

MARC

LEADER 00000am aa2200000a 4500
003 CL-ChBUA
005 20260429122224.0
008 090119s2007 cl ||||| |||| ||||||spa
040 |a CL-ChBUA  |c CL-ChBUA 
100 1 |a Fuenzalida Poblete, Jacqueline Lorena. 
245 1 0 |a Deberes y responsabilidades de los padres en cuanto a contribuir desde el hogar y sus relaciones con la Escuela al manejo de la disciplina de sus hijos 
260 |a Chillán.  |b UNACH, Facultad de Educación y Ciencias Sociales.  |c 2007. 
300 |a CD ROM 
500 |a Seminario. 
504 |a Indice. 
650 4 |a PADRES E HIJOS - EDUCACIÓN. 
650 4 |a DISCIPLINA ESCOLAR. 
700 1 |a Madero Martínez, Jorge Washington. 
856 |u https://bibliorepositorio.unach.cl/handle/123456789/264  |z Visualizar y Descargar desde Repositorio Biblioteca UnACh. 
942 |c LTS  |2 ddc 
945 |a Jorge Quinteros R.  |c Prof. Enseñanza General Básica y Licenciatura en Educación. 
952 |0 0  |1 0  |4 0  |7 0  |9 60511  |a UNACH  |b UNACH  |c Hemeroteca  |d 2009-01-19  |l 1  |o Sem. Lic. Ed. / Ag 282 2007  |p 61646  |r 2015-11-20 00:00:00  |s 2015-11-20  |u 60511  |w 2012-08-08  |y LTS  |k Sem. Lic. Ed. / Ag 282 2007 
999 |c 25833  |d 25833